Nature's capital (Record no. 108033)

MARC details
000 -LEADER
fixed length control field 01449cad a22002295a 4500
001 - CONTROL NUMBER
control field L142973
008 - FIXED-LENGTH DATA ELEMENTS--GENERAL INFORMATION
fixed length control field 080327e20080314xxko f 000 0 eng d
035 ## - SYSTEM CONTROL NUMBER
System control number (Sirsi) u142973
041 0# - LANGUAGE CODE
Language code of text/sound track or separate title eng
050 04 - LIBRARY OF CONGRESS CALL NUMBER
Classification number 711.26 $2 18
110 2# - MAIN ENTRY--CORPORATE NAME
Corporate name or jurisdiction name as entry element National Trust
9 (RLIN) 1987
245 00 - TITLE STATEMENT
Title Nature's capital
Remainder of title investing in the nation's natural assets
Medium [electronic resource]
260 ## - PUBLICATION, DISTRIBUTION, ETC.
Place of publication, distribution, etc. London
Name of publisher, distributor, etc. National Trust
Date of publication, distribution, etc. 2008
520 ## - SUMMARY, ETC.
Summary, etc. Highlights the importance of land management when addressing climate change and flooding. Argues that further investment is needed in order to gain these major benefits from land. Investment by the water industry is capable of improving water quality at source, reducing the need for expensive water treatment. More of the government's flood budget should be spent on making room for water rather than simply providing flood defences. Financial incentives are recommended to provide investment in land based carbon and reduce losses from soil. More investment in outdoor exercise is also recommended.
521 2# - TARGET AUDIENCE NOTE
Target audience note Advanced
590 ## - LOCAL NOTE (RLIN)
Local note KA
651 #4 - SUBJECT ADDED ENTRY--GEOGRAPHIC NAME
Geographic name United Kingdom
Chronological subdivision
690 ## - LOCAL SUBJECT ADDED ENTRY--TOPICAL TERM (OCLC, RLIN)
Topical term or geographic name as entry element PROPERTY-RURAL AND NATURAL ASSETS-RURAL AND NATURAL ASSET MANAGEMENT-LAND MANAGEMENT
690 ## - LOCAL SUBJECT ADDED ENTRY--TOPICAL TERM (OCLC, RLIN)
Topical term or geographic name as entry element ENVIRONMENTAL AND LAND CONSULTANCY-WATER RESOURCE MANAGEMENT-FLOODING
856 40 - ELECTRONIC LOCATION AND ACCESS
Uniform Resource Identifier <a href="https://www.nationaltrust.org.uk/main/w-global/w-news/w-news-nature_s_capital.htm">https://www.nationaltrust.org.uk/main/w-global/w-news/w-news-nature_s_capital.htm</a>
Public note View the item free of charge at www.nationaltrust.org.uk...
942 ## - ADDED ENTRY ELEMENTS (KOHA)
Suppress in OPAC 0
Holdings
Withdrawn status Lost status Source of classification or shelving scheme Damaged status Not for loan Home library Current library Shelving location Date acquired Total Checkouts Full call number Barcode Date last seen Copy number Price effective from Koha item type
    Dewey Decimal Classification     Virtual Virtual Online 27/03/2008   ONLINE PUBLICATION 142973-1001 06/08/2019 1 06/08/2019 Book